000 00302nam a22001337a 4500
008 170602b xxu||||| |||| 00| 0 eng d
020 _a0716714353
041 _aeng
080 _a94
100 _a17
101 _aSHH
245 _aTHE MEDICAL DIMENSIONS OF NUCLEAR WAR
_cCHIVIAN,E
942 _2udc
_cBK
999 _c15568
_d15568